000 00851nam a2200217Ia 4500
008 0000002008 sp ad 0000000000spa00
090 _aPSP00 M34c
100 1 _aMikel Euba, Jon
_d1967
245 1 0 _aCondensed Velazquez
_c/ Jon Mikel Euba
_b: traducción Lorraine Kerslake
300 _a37 p.
_c/ 28 cm.
500 _aExposición realizada en Galería Soledad Lorenzo, Madrid, de abril 1 a mayo 3 de 2008 \ Incluye cronología del artista \ Registro auspiciado por la FGAA. Bogotá
600 0 0 _a MIKEL EUBA, JON, 1967/
_xTRABAJOS ARTISTICOS
650 1 4 _a ARTE CONTEMPORANEO ESPAÑOL
650 1 4 _aARTE ABSTRACTO
650 1 4 _xCATALOGOS
650 1 4 _xEXPOSICIONES
650 1 4 _aPINTORES ESPAÑOLES
650 1 4 _aPINTURA ESPAÑOLA
700 1 _aKerslake, Lorraine, tr.
999 _c9922
_d9922
260 _aMadrid : Galería Soledad Lorenzo
_c2008